| 000 | 00404nam a22001337a 4500 | ||
|---|---|---|---|
| 082 |
_a621.32 _bMol _cl-10, p-27 |
||
| 100 |
_aE. Molloy _941144 |
||
| 245 |
_aQuestions and answers on electric lighting and wiring _cE. Molloy |
||
| 260 |
_aLondon _bGeorge newnes Ltd _c1946 |
||
| 300 |
_aviii, 144 p. : _bill, ; _c18 cm. |
||
| 526 |
_a0 _b0 _c0 _d621_320000000000000_MOL |
||
| 650 |
_aMCE _9379 |
||
| 942 |
_2ddc _cBK |
||
| 999 |
_c545859 _d545859 |
||